书目信息 |
| 题名: |
基础会计
|
|
| 作者: | 孟繁金 主编 | |
| 分册: | ||
| 出版信息: | 北京 中国财政经济出版社 1999 |
|
| 页数: | 316页 | |
| 开本: | 20cm | |
| 丛书名: | ||
| 单 册: | ||
| 中图分类: | F230 | |
| 科图分类: | 29.803 | |
| 主题词: | 会计学--专业学校--教材 | |
| 电子资源: | ||
| ISBN: | 978-7-5005-4275-9 | |
| 000 | 00670n|m0 2200241 450 | |
| 001 | 0102543910 | |
| 005 | 20121109170000.0 | |
| 010 | @a978-7-5005-4275-9@dCNY14.50 | |
| 100 | @a20021005d1999 em y0chiy0110 ea | |
| 101 | 0 | @achi |
| 102 | @aCN@b110000 | |
| 105 | @ay z 000yy | |
| 135 | @adrbn ---auuuu | |
| 200 | 1 | @a基础会计@9Ji Chu Hui;Kuai Ji @f孟繁金主编@b电子资源.图书 |
| 210 | @a北京@c中国财政经济出版社@d1999 | |
| 215 | @a316页@d20cm | |
| 325 | @a电子复制品 | |
| 606 | 0 | @a会计学@x专业学校@x教材 |
| 690 | @aF230@v3 | |
| 692 | @a29.803@v2 | |
| 701 | 0 | @a孟繁金@9meng fan jin@4主编 |
| 801 | 0 | @aCN@bAZmarc@c20230903 |
| 905 | @dF230@e266@f6@sF230/266@aBZT | |
| 基础会计/孟繁金主编[电子资源.图书].-北京:中国财政经济出版社,1999 |
| 316页;20cm |
| ISBN 978-7-5005-4275-9:CNY14.50 |
| ● |
| 相关链接 |
|
|
|
正题名:基础会计
索取号:F230/266
 
预约/预借
| 序号 | 登录号 | 条形码 | 馆藏地/架位号 | 状态 | 备注 |
| 1 | 2000063281 | 2000063281 | 旧书回溯/ [索取号:F230/266] | 在馆 | |
| 2 | 2000127758 | 2000127758 | 旧书回溯/ [索取号:F230/266] | 在馆 | |
| 3 | 2000127759 | 2000127759 | 旧书回溯/ [索取号:F230/266] | 在馆 | |
| 4 | 2000127769 | 2000127769 | 旧书回溯/ [索取号:F230/266] | 在馆 | |
| 5 | 2000127770 | 2000127770 | 旧书回溯/ [索取号:F230/266] | 在馆 | |
| 6 | 2000127771 | 2000127771 | 旧书回溯/ [索取号:F230/266] | 在馆 |